000
00250nam a2200097Ia 4500
001
645082
005
20250826153617.0
008
250824s9999 xx 000 0 und d
245
0
_a
SEFALET ANTİK
_c
EMİNE SEMİYE
260
_b
ANTİK DÜNYA KLASİKLERİ
999
_c
645082
_d
645082